000
00308nam a22001337a 4500
020
_a
978-0-6035-7232-6
082
_a
823
_b
BLY/A
100
_a
ENID BLYTON
245
_a
THE ADVENTURES OF PIP
260
_a
LONDON
_b
EGMONT
_c
1978
300
_a
178
650
_a
CHILDREN'S STORY BOOK
_z
UNITED KINGDOM
942
_c
BK
999
_c
149
_d
149